Ríos Más Caudalosos - Estadísticas

Estadísticas generales
  • Esta prueba ha sido intentada 1.418 veces
  • La puntuación promedio es 7 de 22
Estadísticas de respuestas
m3 / s Desembocadura Río % Correcto
209.000 Atlántico Amazonas
97%
18.434 Golfo de México Misisipi
75%
8.220 Mar Caspio Volga
62%
38.129 Golfo de Bengala Ganges
58%
30.146 Mar de la China Oriental Yangtsé
54%
41.200 Atlántico Congo
51%
16.000 Mar de la China Meridional Mekong
48%
27.225 Atlántico Río de la Plata
42%
37.740 Atlántico Orinoco
36%
7.200 Bocas de Ceniza Magdalena
28%
17.067 Mar de Láptev Lena
26%
12.692 Golfo del __ Obi
25%
11.330 Mar de Ojotsk Amur
22%
19.800 Mar de Kara Yeniséi
21%
16.800 Golfo de ___ _______ San Lorenzo
18%
10.338 Mar de Beaufort Mackenzie
17%
9.500 Mar de la China Meridional Río de las Perlas
15%
15.112 Mar de Andamán Irawadi
12%
7.504 Pacífico Columbia
11%
11.796 Atlántico Tocantins
9%
7.500 Golfo de Papúa Fly
8%
7.000 Mar de Bismarck Sepik
8%
No se encontraron pruebas coincidentes
Distribución de puntuación
Porcentaje de gente con cada puntuación
Porcentaje por número respondido
Historial de tus puntuaciones
No has intentado esta prueba.